000 00899nam0a22002651 4500
001 RU\NLR\INFOCOMM_116\5000075786
005 20250613095420.0
035 _a(NLR Aleph) 009294235
090 _a9239142
_c9239142
100 _a20101005d1981 |||y0rusy50 ca
101 1 _ager
_crus
102 _aRU
105 _aa ||||000|y
200 1 _aDas Höckerpferd
_fP. Jerschow
_g[Aus dem Russ. von Michail Schaiber]
_gIll. von N. Kotschergin
210 _aΜ.
_cProgress
_d1981
215 _a104 с.
_cцв. ил.
_d28 см
300 _aВ вып. дан.: Конек-горбунок / П. Ершов
686 _aДл450-1700
_2rubbk
700 1 _4070
_7ba
_8rus
_aEršov
_bP. P.
_f1815-1869
_gPetr Pavlovič
_9255986
_3RU\NLR\AUTH\770256042
790 1 _9z01700
_aJerschow
_bP.
_gPeter
_4070
801 1 _aRU
_bNLR
_c20101005
801 0 _aRU
_bNLR
_gPSBO
852 _aNLR
_jДл01 Д-7/132
942 _cBOOK
980 _aNB